Llenguatge, veritat i lògica / A. J. Ayer ; traducció i pròleg de Josep Lluís Blasco
Descripción Física:
204 p., 4 f. d'índex ; 19 cm
Colección:
Clàssics del pensament modern ; 3
Otros Autores:
Blasco, Josep Lluís
MARC
| LEADER | 00000nam a2200000Ia 4500 | ||
|---|---|---|---|
| 001 | 1222 | ||
| 008 | 160829s1983 xx 000 0 cat d | ||
| 080 | |a F-1-11 | ||
| 100 | |a Ayer, A. J. (Alfred Jules) |9 27176 | ||
| 245 | |a Llenguatge, veritat i lògica / A. J. Ayer ; traducció i pròleg de Josep Lluís Blasco | ||
| 260 | |a Barcelona : |b Edicions 62 : |b Diputació de Barcelona, |c 1983 | ||
| 300 | |a 204 p., 4 f. d'índex ; |c 19 cm | ||
| 490 | |a Clàssics del pensament modern ; 3 | ||
| 650 | |a Llenguatge i llengües |x Filosofia |9 27177 | ||
| 650 | |a Positivisme lògic |9 27178 | ||
| 650 | |a Filosofia moderna |9 27179 | ||
| 700 | 1 | |a Blasco, Josep Lluís |9 27180 | |
| 710 | 1 | |a Barcelona (Catalunya : Província). |b Diputació |9 52408 | |
| 901 | |a Arxiu | ||
| 942 | |n 1 | ||
| 952 | |0 0 |1 0 |4 0 |6 F111 |7 1 |9 44299 |a Arxiu |b Arxiu |d 2016-12-01 |l 0 |o F-1-11 |p 1222 |r 2016-12-01 00:00:00 |w 2016-12-01 |y ARXIU | ||
| 999 | |c 46879 |d 46879 | ||